Alle 98 Oscar Gewinner "Beste Regie" (1929 - 2024) - Statistiken

Allgemein
  • Dieses Quiz wurde 44 mal gespielt
  • Das Durchschnittsergebnis liegt bei 27 aus 98
Antwortstatistiken
Jahr 🚩 🏆 für den Film: Gewinner/-in % Korrekt
1994 🇺🇸 🔸Schindlers Liste Steven Spielberg
87%
1999 🇺🇸 🔸Der Soldat James Ryan Steven Spielberg
87%
2024 🇬🇧 🇺🇸 🔸Oppenheimer Christopher Nolan
74%
1993 🇺🇸 🔸Erbarmungslos Clint Eastwood
71%
2005 🇺🇸 🔸Million Dollar Baby Clint Eastwood
71%
2007 🇺🇸 🔸Departed - Unter Feinden Martin Scorsese
71%
1975 🇺🇸 🔸Der Pate 2 Francis Ford Copolla
68%
2002 🇺🇸 🔸A Beautiful Mind Ron Howard
65%
1998 🍁 🔸Titanic James Cameron
58%
2004 🇳🇿 🔸Der Herr der Ringe - Die Rückkehr des Königs Peter Jackson
58%
2020 🇰🇷 🔸Parasite Bong Joon - ho
52%
1936 🇺🇸 🔸Der Verräter John Ford
52%
1941 🇺🇸 🔸Früchte des Zorns John Ford
52%
1942 🇺🇸 🔸Schlagende Wetter John Ford
52%
1953 🇺🇸 🔸Der Sieger John Ford
52%
1978 🇺🇸 🔸Der Stadtneurotiker Woody Allen
52%
1991 🇺🇸 🔸Der mit dem Wolf tanzt Kevin Costner
48%
1996 🇦🇺 🇺🇸 🔸Braveheart Mel Gibson
48%
2006 🇹🇼 🔸Brokeback Mountain Ang Lee
42%
2013 🇹🇼 🔸Life of Pi Ang Lee
42%
2008 🇺🇸 🔸No Country for Old Men Ethan Coen | Joel Coen
39%
2003 🇵🇱 🇫🇷 🔸Der Pianist Roman Polanski
39%
1946 🇭🇺 🇦🇹 🇺🇸 🔸Das verlorene Wochenende Billy Wilder
35%
1961 🇭🇺 🇦🇹 🇺🇸 🔸Das Appartement Billy Wilder
35%
1987 🇺🇸 🔸Platoon Oliver Stone
35%
1990 🇺🇸 🔸Geboren am 4. Juli Oliver Stone
35%
1995 🇺🇸 🔸Forrest Gump Robert Zemeckis
35%
1943 🇨🇭 🇺🇸 🔸Mrs. Miniver William Wyler
35%
1947 🇨🇭 🇺🇸 🔸Die besten Jahre unseres Lebens William Wyler
35%
1960 🇨🇭 🇺🇸 🔸Ben Hur William Wyler
35%
1958 🇬🇧 🔸Die Brücke am Kwai David Lean
32%
1963 🇬🇧 🔸Lawrence von Arabien David Lean
32%
2018 🇲🇽 🔸Shape of Water - Das Flüstern des Wassers Guillermo del Toro
29%
1976 🇨🇿 🇺🇸 🔸Einer flog über das Kuckucksnest Milos Forman
29%
1985 🇨🇿 🇺🇸 🔸Amadeus Milos Forman
29%
1983 🇬🇧 🔸Gandhi Richard Attenborough
29%
1948 🇹🇷 🇺🇸 🔸Tabu der Gerechten Elia Kazan
26%
1955 🇹🇷 🇺🇸 🔸Die Faust im Nacken Elia Kazan
26%
1977 🇺🇸 🔸Rocky John G. Avildsen
26%
2010 🇺🇸 🔸Tödliches Kommando - Hurt Locker Kathryn Bigelow
26%
2015 🇲🇽 🔸Birdman Alejandro G. Inarritu
23%
2016 🇲🇽 🔸The Revenant - Der Rückkehrer Alejandro G. Inarritu
23%
1988 🇮🇹 🔸Der letzte Kaiser Bernardo Bertolucci
23%
1935 🇮🇹 🇺🇸 🔸Es geschah in einer Nacht Frank Capra
23%
1937 🇮🇹 🇺🇸 🔸Mr. Deeds geht in die Stadt Frank Capra
23%
1939 🇮🇹 🇺🇸 🔸Lebenskünstler Frank Capra
23%
1992 🇺🇸 🔸Das Schweigen der Lämmer Jonathan Demme
23%
1944 🇭🇺 🇺🇸 🔸Casablanca Michael Curtiz
23%
1968 🇺🇸 🔸Die Reifeprüfung Mike Nichols
23%
1981 🇺🇸 🔸Eine ganz normale Familie Robert Redford
23%
1959 🇺🇸 🔸Gigi Vincente Minnelli
23%
2014 🇲🇽 🔸Gravity Alfonso Cuaron
19%
2019 🇲🇽 🔸Roma Alfonso Cuaron
19%
2009 🇬🇧 🔸Slumdog Millionär Danny Boyle
19%
1954 🇦🇹 🇺🇸 🔸Verdammt in alle Ewigkeit Fred Zinnemann
19%
1967 🇦🇹 🇺🇸 🔸Ein Mann zu jeder Jahreszeit Fred Zinnemann
19%
1974 🇺🇸 🔸Der Clou George Roy Hill
19%
1949 🇺🇸 🔸Der Schatz der Sierra Madre John Huston
19%
1940 🇺🇸 🔸Vom Winde verweht Victor Fleming
19%
1989 🇺🇸 🔸Rain Man Barry Levinson
16%
2017 🇺🇸 🔸La La Land Damien Chazelle
16%
1965 🇺🇸 🔸My Fair Lady George Cukor
16%
1952 🇺🇸 🔸Ein Platz an der Sonne George Stevens
16%
1957 🇺🇸 🔸Giganten George Stevens
16%
2022 🇳🇿 🔸The Power of the Dog Jane Campion
16%
1979 🇺🇸 🔸Die durch die Hölle gehen Michael Cimino
16%
2012 🇫🇷 🔸The Artist Michel Hazanavicius
16%
2000 🇬🇧 🔸American Beauty Sam Mendes
16%
1982 🇺🇸 🔸Reds Warren Beatty
16%
1969 🇬🇧 🔸Oliver Carol Reed
13%
2023 🇺🇸 🔸Everything Everywhere All at Once Daniel Scheinert
13%
2023 🇺🇸 🔸Everything Everywhere All at Once Dan Kwan
13%
1956 🇺🇸 🔸Marty Delbert Mann
13%
1950 🇺🇸 🔸Ein Brief an 3 Frauen Joseph Mankiewicz
13%
1951 🇺🇸 🔸Alles über Eva Joseph Mankiewicz
13%
1938 🇺🇸 🔸Die schreckliche Wahrheit Leo McCarey
13%
1945 🇺🇸 🔸Der Weg zum Glück Leo McCarey
13%
1962 🇺🇸 🔸West Side Story Robert Wise
13%
1966 🇺🇸 🔸Meine Lieder - Meine Träume Robert Wise
13%
2001 🇺🇸 🔸Traffic - Macht des Kartells Steven Soderbergh
13%
1986 🇺🇸 🔸Jenseits von Afrika Sydney Pollack
13%
1997 🇬🇧 🔸Der englische Patient Anthony Minghella
10%
1973 🇺🇸 🔸Cabaret Bob Fosse
10%
2021 🇨🇳 🔸Nomadland Cloé Zhao
10%
1929 🇺🇸 🔸Das Glück in der Mansarde Frank Borzage
10%
1932 🇺🇸 🔸Bad Girl Frank Borzage
10%
1962 🇺🇸 🔸West Side Story Jerome Robbins
10%
1930 🇺🇸 🔸Im Westen nichts neues Lewis Milestone
10%
1964 🇬🇧 🔸Tom Jones - Zwischen Bett & Galgen Tony Richardson
10%
1972 🇺🇸 🔸French Connection - Brennpunkt Brooklyn William Friedkin
10%
1971 🇺🇸 🔸Patton - Rebell in Uniform Franklin J. Schaffner
6%
1930 🇬🇧 🇺🇸 🔸Die ungekrönte Königin Frank Lloyd
6%
1934 🇬🇧 🇺🇸 🔸Kavalkade Frank Lloyd
6%
1984 🇺🇸 🔸Zeit der Zärtlichkeit James L. Brooks
6%
1970 🇬🇧 🔸Asphalt - Cowboy John Schlesinger
6%
1931 🇺🇸 🔸Skippy Norman Taurog
6%
1980 🇺🇸 🔸Kramer gegen Kramer Robert Benton
6%
2011 🇺🇸 🔸The King's Speech Tom Hooper
6%
Keine übereinstimmenden Quizze gefunden
Verteilung der Resultate
Anzahl Personen mit jedem Resultat
Perzentil nach korrekt beantworteten Fragen
Ihre Resultats-Entwicklung
Sie haben dieses Quiz noch nicht gespielt